<?xml version="1.0" encoding="UTF-8"?>
<record
    xmlns:xsi="http://www.w3.org/2001/XMLSchema-instance"
    xsi:schemaLocation="http://www.loc.gov/MARC21/slim http://www.loc.gov/standards/marcxml/schema/MARC21slim.xsd"
    xmlns="http://www.loc.gov/MARC21/slim">

  <leader>01931nam a22003257a 4500</leader>
  <datafield tag="999" ind1=" " ind2=" ">
    <subfield code="c">21863</subfield>
    <subfield code="d">21863</subfield>
  </datafield>
  <controlfield tag="003">AR-CdUCM</controlfield>
  <controlfield tag="008">190425b           ||||| |||| 00| 0 spa d</controlfield>
  <datafield tag="040" ind1=" " ind2=" ">
    <subfield code="a">MUNICIPALIDAD PROVINCIAL DEL CUSCO</subfield>
    <subfield code="c">BIBLIOTECA MUNICIPAL DEL CUSCO</subfield>
  </datafield>
  <datafield tag="082" ind1=" " ind2=" ">
    <subfield code="a">Rev.DIMA/N&#xB0;10-11/1942</subfield>
  </datafield>
  <datafield tag="110" ind1=" " ind2=" ">
    <subfield code="a">Instituto Arqueol&#xF3;gico del Cuzco</subfield>
    <subfield code="9">30920</subfield>
  </datafield>
  <datafield tag="245" ind1=" " ind2=" ">
    <subfield code="a">Revista del Instituto Arqueol&#xF3;gico /</subfield>
    <subfield code="c">Luis A. Pardo, director, Universidad Nacional del Cusco</subfield>
  </datafield>
  <datafield tag="260" ind1=" " ind2=" ">
    <subfield code="a">Cusco :</subfield>
    <subfield code="b">H.G. Rozas,</subfield>
    <subfield code="c">1943.</subfield>
  </datafield>
  <datafield tag="300" ind1=" " ind2=" ">
    <subfield code="a">111 p&#xE1;ginas. :</subfield>
    <subfield code="b">ilustraciones ;</subfield>
    <subfield code="c">21 cm.</subfield>
  </datafield>
  <datafield tag="440" ind1=" " ind2=" ">
    <subfield code="a">Revista del Instituto Arqueol&#xF3;gico.</subfield>
    <subfield code="n">A&#xF1;o VI, primer y segundo semestre, 1942. N&#xB0;10 y 11.</subfield>
    <subfield code="9">46547</subfield>
  </datafield>
  <datafield tag="505" ind1=" " ind2=" ">
    <subfield code="a">Contenido: Arqueolog&#xED;a. -- La secci&#xF3;n arqueol&#xF3;gica de la Universidad del Cuzco. John H. Rowe. -- Los petroglifos de La Convenci&#xF3;n.  Luis A. Pardo. -- Contribuci&#xF3;n a la Petropictograf&#xED;a pre colombina en el Sur del Per&#xFA;. C. B&#xFC;es. -- Vestigios de la &#xE9;poca incaica en Ancahuasi Chamancalla, provincia de Anta. B. G. -- Secci&#xF3;n l&#xED;tica del Museo Arqueol&#xF3;gico de la Universidad del Cuzco. Luis A. Pardo. -- Las ruinas de Marcansaya. Sof&#xED;a Arrendo. -- Sitios hist&#xF3;ricos en la regi&#xF3;n de Pucara Puno. John H. Rowe. -- Historia. -- Rado Angulo y Velasco. Juan Antonio Casanova. -- Personalidad del V.P. Fray Gaspar de Carvajal, conferencia. Ambrosio Morales. -- Tradici&#xF3;n. -- M&#xE1;rtir por culpa ajena. &#xC1;ngel Carre&#xF1;o.</subfield>
  </datafield>
  <datafield tag="650" ind1=" " ind2=" ">
    <subfield code="a">Arqueolog&#xED;a cusque&#xF1;a</subfield>
    <subfield code="9">9322</subfield>
  </datafield>
  <datafield tag="650" ind1=" " ind2=" ">
    <subfield code="a">Arquitectura Inka</subfield>
    <subfield code="9">45226</subfield>
  </datafield>
  <datafield tag="650" ind1=" " ind2=" ">
    <subfield code="a">Inkas</subfield>
    <subfield code="9">1899</subfield>
  </datafield>
  <datafield tag="650" ind1=" " ind2=" ">
    <subfield code="a">Historia del Cusco</subfield>
    <subfield code="9">1714</subfield>
  </datafield>
  <datafield tag="650" ind1=" " ind2=" ">
    <subfield code="a">Tradiciones cusque&#xF1;as</subfield>
    <subfield code="9">31110</subfield>
  </datafield>
  <datafield tag="700" ind1=" " ind2=" ">
    <subfield code="a">Pardo, Luis A</subfield>
    <subfield code="9">25736</subfield>
  </datafield>
  <datafield tag="700" ind1=" " ind2=" ">
    <subfield code="a">Rowe, John</subfield>
    <subfield code="9">46023</subfield>
  </datafield>
  <datafield tag="700" ind1=" " ind2=" ">
    <subfield code="a">Arredondo, Sofia</subfield>
    <subfield code="9">46548</subfield>
  </datafield>
  <datafield tag="700" ind1=" " ind2=" ">
    <subfield code="a">Casanova, Juan Antonio</subfield>
    <subfield code="9">46549</subfield>
  </datafield>
  <datafield tag="700" ind1=" " ind2=" ">
    <subfield code="a">Morales, Ambrosio</subfield>
    <subfield code="9">20370</subfield>
  </datafield>
  <datafield tag="700" ind1=" " ind2=" ">
    <subfield code="a">Carre&#xF1;o, &#xC1;ngel</subfield>
    <subfield code="9">27901</subfield>
  </datafield>
  <datafield tag="710" ind1=" " ind2=" ">
    <subfield code="a">Universidad Nacional de San Antonio Abad del Cusco</subfield>
    <subfield code="9">15942</subfield>
  </datafield>
  <datafield tag="942" ind1=" " ind2=" ">
    <subfield code="2">ddc</subfield>
    <subfield code="c">PP</subfield>
  </datafield>
  <datafield tag="945" ind1=" " ind2=" ">
    <subfield code="a">rac</subfield>
  </datafield>
  <datafield tag="952" ind1=" " ind2=" ">
    <subfield code="0">0</subfield>
    <subfield code="2">ddc</subfield>
    <subfield code="4">0</subfield>
    <subfield code="7">0</subfield>
    <subfield code="a">HEM</subfield>
    <subfield code="b">HEM</subfield>
    <subfield code="c">CART</subfield>
    <subfield code="d">2021-08-27</subfield>
    <subfield code="g">10.00</subfield>
    <subfield code="o">Rev.DIMA/N&#xB0;10-11/1942</subfield>
    <subfield code="p">REVC000350</subfield>
    <subfield code="r">2021-08-27</subfield>
    <subfield code="y">PP</subfield>
  </datafield>
  <datafield tag="952" ind1=" " ind2=" ">
    <subfield code="0">0</subfield>
    <subfield code="2">ddc</subfield>
    <subfield code="4">0</subfield>
    <subfield code="7">0</subfield>
    <subfield code="a">HEM</subfield>
    <subfield code="b">HEM</subfield>
    <subfield code="c">CART</subfield>
    <subfield code="d">2021-08-27</subfield>
    <subfield code="g">10.00</subfield>
    <subfield code="o">Rev.DIMA/N&#xB0;10-11/1942/e.2</subfield>
    <subfield code="p">REVC000351</subfield>
    <subfield code="r">2021-08-27</subfield>
    <subfield code="y">PP</subfield>
  </datafield>
  <datafield tag="952" ind1=" " ind2=" ">
    <subfield code="0">0</subfield>
    <subfield code="2">ddc</subfield>
    <subfield code="4">0</subfield>
    <subfield code="7">0</subfield>
    <subfield code="a">HEM</subfield>
    <subfield code="b">HEM</subfield>
    <subfield code="c">CART</subfield>
    <subfield code="d">2021-08-27</subfield>
    <subfield code="g">10.00</subfield>
    <subfield code="o">Rev.DIMA/N&#xB0;10-11/1942/e.3</subfield>
    <subfield code="p">REVC000352</subfield>
    <subfield code="r">2021-08-27</subfield>
    <subfield code="y">PP</subfield>
  </datafield>
</record>
